BIBLIOTECA “JULIO CORTÁZAR”
ESCUELA AGROTÉCNICA “LIBERTADOR GENERAL SAN MARTÍN” - UNR – CASILDA

Logo Escuela Logo UNR

Tecnoscopio / (Record no. 632)

MARC details
000 -LEADER
campo de control de longitud fija 01018nam#a22003975a#4500
001 - NÚMERO DE CONTROL
campo de control 632
008 - DATOS DE LONGITUD FIJA--INFORMACIÓN GENERAL
campo de control de longitud fija 071115s1994####ag#a###g|a####0|1#0#spa#d
020 ## - NÚMERO INTERNACIONAL ESTÁNDAR DEL LIBRO
Número Internacional Estándar del Libro 9507013431
080 ## - NÚMERO DE LA CLASIFICACIÓN DECIMAL UNIVERSAL
Número de la Clasificación Decimal Universal 66
084 ## - OTRO NÚMERO DE CLASIFICACIÓN
Número de clasificación T29
035 ## - NÚMERO DE CONTROL DEL SISTEMA
Número de control de sistema Ger
005 - FECHA Y HORA DE LA ÚLTIMA TRANSACCIÓN
campo de control 20241107184641.0
003 - IDENTIFICADOR DE NÚMERO DE CONTROL
campo de control AR-ClEAG
100 1# - ENTRADA PRINCIPAL--NOMBRE DE PERSONA
Nombre de persona Buch, Tomás.
245 10 - MENCIÓN DEL TÍTULO
Título Tecnoscopio /
Mención de responsabilidad, etc. Tomás Buch.
250 ## - MENCION DE EDICION
Mención de edición 1ª ed.
260 ## - PUBLICACIÓN, DISTRIBUCIÓN, ETC.
Lugar de publicación, distribución, etc. Buenos Aires :
Nombre del editor, distribuidor, etc. Aique,
Fecha de publicación, distribución, etc. [1994]
300 ## - DESCRIPCIÓN FÍSICA
Extensión 501 p. :
Otras características físicas fot., graf. ;
Dimensiones 22 cm.
653 ## - TÉRMINO DE INDIZACIÓN--NO CONTROLADO
Término no controlado ¿Qué es la tecnología?
653 ## - TÉRMINO DE INDIZACIÓN--NO CONTROLADO
Término no controlado Impacto social
653 ## - TÉRMINO DE INDIZACIÓN--NO CONTROLADO
Término no controlado Producción tecnológica
653 ## - TÉRMINO DE INDIZACIÓN--NO CONTROLADO
Término no controlado Proyecto tecnológico
653 ## - TÉRMINO DE INDIZACIÓN--NO CONTROLADO
Término no controlado Tecnología de los materiales
653 ## - TÉRMINO DE INDIZACIÓN--NO CONTROLADO
Término no controlado Energía
653 ## - TÉRMINO DE INDIZACIÓN--NO CONTROLADO
Término no controlado Tecnología química
653 ## - TÉRMINO DE INDIZACIÓN--NO CONTROLADO
Término no controlado Sustentabilidad
653 ## - TÉRMINO DE INDIZACIÓN--NO CONTROLADO
Término no controlado Biotecnología
653 ## - TÉRMINO DE INDIZACIÓN--NO CONTROLADO
Término no controlado Tecnología mecánica e industrial
653 ## - TÉRMINO DE INDIZACIÓN--NO CONTROLADO
Término no controlado Electrónica
653 ## - TÉRMINO DE INDIZACIÓN--NO CONTROLADO
Término no controlado Informática
653 ## - TÉRMINO DE INDIZACIÓN--NO CONTROLADO
Término no controlado Comunicaciones
653 ## - TÉRMINO DE INDIZACIÓN--NO CONTROLADO
Término no controlado Alimentos
653 ## - TÉRMINO DE INDIZACIÓN--NO CONTROLADO
Término no controlado Hábitat
653 ## - TÉRMINO DE INDIZACIÓN--NO CONTROLADO
Término no controlado Tecnología militar
942 ## - ELEMENTOS DE ENTRADA SECUNDARIOS (KOHA)
Tipo de ítem Koha Libros
980 ## - EQUIVALENCIA O REFERENCIA-CRUZADA-MENCIÓN DE SERIE--NOMBRE DE PERSONA/TÍTULO [LOCAL, CANADÁ]
Enlace 2
Nombre de persona Evangelina Gallicchio
Enlace entre campo y número de secuencia 2
Información miscelánea Evangelina Gallicchio
Holdings
Estatus retirado Estado de pérdida Fuente del sistema de clasificación o colocación Estado de daño No para préstamo Biblioteca de origen Biblioteca actual Ubicación en estantería Fecha de adquisición Número de inventario Total de préstamos Signatura topográfica completa Código de barras Visto por última vez Precio de reemplazo Tipo de ítem Koha
    Clasificación decimal universal     Julio Cortázar Julio Cortázar   07/11/2024 2411   R07 66 T29 1 Ej.1 2411 07/11/2024 07/11/2024 Libros

Contacto

Biblioteca Julio Cortázar. Escuela Agrotécnica "Libertador San Martín". Universidad Nacional de Rosario
Dirección: Ov. Lagos 1000 - 2170 Casilda - Santa Fe - Argentina
Tel: (54) (03464) 422226.
Fax: (54) (03464) 427789.
E-Mail: biblio-eac@unr.edu.ar